| 000 | 00332nam a22001457a 4500 | ||
|---|---|---|---|
| 003 | SGT | ||
| 020 | _a9788179460139 | ||
| 082 |
_a070 _bM16B |
||
| 100 | _aBHATNAGAR, AMITA | ||
| 245 | _aMedia Education | ||
| 260 |
_aNEW DELHI _bAph Publishing Corporation _c2016 |
||
| 300 | _a125 | ||
| 650 | _aMASS COMMUNICATION | ||
| 942 |
_2ddc _cBK |
||
| 999 |
_c13145 _d13145 |
||